| 000 | 01622nam a2200433 i 4500 | ||
|---|---|---|---|
| 001 | DIGRILEDIT0816 | ||
| 003 | NyNyDIG | ||
| 008 | 221005s2018 cl a ob 000 0bspa d | ||
| 006 | m o d | ||
| 007 | cr ||||||||||| | ||
| 035 | _a(OCoLC)1356297440 | ||
| 040 |
_aDGITA _beng _erda _epn _cDGITA |
||
| 020 | _z9789560104717 | ||
| 043 | _as-cl--- | ||
| 050 | 1 | 4 | _aF3095.L39 ebook |
| 082 | 0 | 4 | _a983.06092 |
| 100 | 1 |
_aReynolds Aguirre, Patricio, _eauthor. |
|
| 245 | 1 | 0 |
_aJuan José Latorre : _bhistoria de una vida plena / _cPatricio Reynolds Aguirre. |
| 264 | 1 |
_aSantiago de Chile : _bRiL editores, _c[2018] |
|
| 300 |
_a1 online resource : _billustrations. |
||
| 336 |
_atext _btxt _2rdacontent |
||
| 337 |
_acomputer _bc _2rdamedia |
||
| 338 |
_aonline resource _bcr _2rdacarrier |
||
| 347 |
_atext file _2rdaft |
||
| 347 | _bPDF | ||
| 504 | _aIncludes bibliographical references. | ||
| 588 | 0 | _aOnline resource; title from PDF title page (Digitalia, viewed October 5, 2022) | |
| 600 | 1 | 0 |
_aLatorre Benavente, Juan José, _d1846-1912. |
| 650 | 0 |
_aStatesmen _zChile _vBiography. |
|
| 650 | 0 |
_aAdmirals _zChile _vBiography. |
|
| 651 | 0 |
_aChile _xHistory _y1824-1920. |
|
| 655 | 7 |
_aBiographies. _2lcgft |
|
| 776 | 0 | 8 |
_iPrint version: _aReynolds Aguirre, Patricio. _tJuan José Latorre. _bPrimera edición. _dSantiago de Chile : RiL editores, [2018] _z9789560104717 |
| 791 | 2 |
_aDigitalia (Firm), _edistributor. |
|
| 793 | 0 |
_gDigitalia eBook Collection: _aRil Editores |
|
| 856 | 4 | 0 |
_3Digitalia Hispánica _uhttps://www.digitaliapublishing.com/a/65307/ |
| 910 | _aPremium collection: 2022 | ||
| 942 | _cRAA | ||
| 999 |
_c260720 _d260720 |
||